Návrh inteligentného systému detekovanie nehody vozidla
Uložené v:
| Hlavný autor: | |
|---|---|
| Ďalší autori: | |
| Médium: | Rukopis Kniha |
| Jazyk: | Slovak |
| Vydavateľské údaje: |
2022
|
| Predmet: | |
| On-line prístup: | http://is.stuba.sk/zp/portal_zp.pl?podrobnosti=148174 |
| Tagy: |
Žiadne tagy, Buďte prvý, kto otaguje tento záznam!
|
MARC
| LEADER | 00000ntm a22000003a 4500 | ||
|---|---|---|---|
| 001 | stuzp88146 | ||
| 003 | SK-STU | ||
| 005 | 20220625211224.7 | ||
| 007 | ta | ||
| 008 | 150427s2015----xo-----f-mn---000-0-slo-d | ||
| 040 | |a STU |b slo | ||
| 041 | 0 | |a slo | |
| 100 | 1 | |a Cok, Daniel |u 070400 |4 aut |U FIIT Fakulta informatiky a informačných technológií |T FIIT Ústav počítačového inžinierstva a aplikovanej informatiky |X 96693 |U I400 |Y 672 |7 96693 | |
| 242 | 0 | 1 | |a Design of an intelligent vehicle accident detection system |y eng |
| 245 | 1 | 0 | |a Návrh inteligentného systému detekovanie nehody vozidla |
| 260 | |c 2022 | ||
| 650 | 4 | |a Bluetooth |2 slo | |
| 650 | 4 | |a RasperryPi |2 slo | |
| 650 | 4 | |a OBD-II |2 slo | |
| 650 | 4 | |a Mobilná aplikácia |2 slo | |
| 650 | 4 | |a CAN bus |2 slo | |
| 650 | 4 | |a REST API |2 slo | |
| 650 | 4 | |a Detekcia autonehody |2 slo | |
| 650 | 4 | |a Arduino |2 slo | |
| 650 | 4 | |a RasperryPi |2 eng | |
| 650 | 4 | |a Arduino |2 eng | |
| 650 | 4 | |a REST API |2 eng | |
| 650 | 4 | |a Vehicle accident detection |2 eng | |
| 650 | 4 | |a Bluetooth |2 eng | |
| 650 | 4 | |a CAN bus |2 eng | |
| 650 | 4 | |a OBD-II |2 eng | |
| 650 | 4 | |a Smartphone application |2 eng | |
| 700 | 1 | |a Šoltés, Lukáš |u 070400 |k Z2 |4 ths |U FIIT Fakulta informatiky a informačných technológií |T FIIT Ústav počítačového inžinierstva a aplikovanej informatiky |X 41382 |U I400 |Y 672 |7 A000041382 | |
| 856 | 4 | |u http://is.stuba.sk/zp/portal_zp.pl?podrobnosti=148174 | |